M-1グランプリ決勝戦に複数回出場経験のあるコンビ - Statistics

General Stats
  • This quiz has been taken 309 times
  • The average score is 32 of 50
Answer Stats
出場回数 出場年度・順位 コンビ名 % Correct
2回 23年優勝 / 24年優勝 令和ロマン
94%
9回 02年3位 / 03年2位 / 04年5位 / 05年2位 / 06年4位 / 07年5位 / 08年4位 / 09年2位 / 10年優勝 笑い飯
93%
4回 21年6位 / 22年5位 / 23年5位 / 24年3位 真空ジェシカ
87%
5回 15年6位 / 16年2位 / 17年2位 / 18年2位 / 19年4位 和牛
85%
2回 20年4位 / 21年優勝 錦鯉
85%
3回 10年5位 / 15年2位 / 16年優勝 銀シャリ
84%
3回 17年4位 / 18年5位 / 19年2位 かまいたち
82%
2回 17年10位 / 20年優勝 マヂカルラブリー
81%
2回 20年9位 / 22年優勝 ウエストランド
79%
2回 09年優勝 / 10年3位 パンクブーブー
78%
2回 01年4位 / 02年優勝 ますだおかだ
77%
4回 03年9位 / 04年9位 / 05年6位 / 07年8位 千鳥
76%
3回 01年8位 / 05年5位 / 06年優勝 チュートリアル
76%
2回 08年優勝 / 09年3位 NON STYLE
76%
4回 01年6位 / 02年2位 / 03年優勝 / 06年2位 フットボールアワー
75%
5回 09年5位 / 10年7位 / 15年9位 / 16年6位 / 21年9位 ハライチ
74%
2回 18年6位 / 24年6位 トム・ブラウン
74%
2回 23年2位 / 24年5位 ヤーレンズ
74%
3回 17年7位 / 22年2位 / 23年3位 さや香
73%
2回 03年3位 / 04年優勝 アンタッチャブル
72%
5回 01年5位 / 03年8位 / 04年3位 / 05年3位 / 06年3位 麒麟
71%
4回 10年8位 / 15年3位 / 17年6位 / 18年3位 ジャルジャル
68%
4回 19年7位 / 20年5位 / 21年2位 / 22年7位 オズワルド
66%
4回 15年5位 / 16年3位 / 17年4位 / 18年7位 スーパーマラドーナ
62%
2回 19年10位 / 20年5位 ニューヨーク
61%
3回 08年3位 / 09年4位 / 10年6位 ナイツ
59%
3回 17年8位 / 18年10位 / 21年7位 ゆにばーす
59%
3回 18年9位 / 19年5位 / 20年3位 見取り図
59%
3回 19年9位 / 20年7位 / 21年3位 インディアンス
59%
2回 23年4位 / 24年7位 マユリカ
57%
3回 01年7位 / 07年3位 / 08年8位 キングコング
56%
3回 04年2位 / 05年9位 / 09年8位 南海キャンディーズ
56%
2回 17年3位 / 18年4位 ミキ
56%
2回 21年4位 / 22年3位 ロングコートダディ
56%
3回 01年3位 / 02年9位 / 03年7位 アメリカザリガニ
53%
2回 05年7位 / 15年4位 タイムマシーン3号
53%
2回 01年10位 / 02年4位 おぎやはぎ
52%
2回 10年2位 / 16年8位 スリムクラブ
51%
3回 04年7位 / 06年5位 / 07年2位 トータルテンボス
50%
2回 16年5位 / 20年8位 アキナ
49%
3回 04年6位 / 06年9位 / 07年9位 POISON GIRL BAND
49%
2回 07年7位 / 08年6位 ダイアン
48%
2回 22年8位 / 23年6位 カベポスター
47%
2回 07年4位 / 09年9位 ハリセンボン
46%
2回 21年8位 / 23年7位 モグライダー
45%
2回 01年2位 / 02年5位 ハリガネロック
44%
2回 16年7位 / 17年9位 カミナリ
38%
2回 02年7位 / 03年6位 スピードワゴン
30%
2回 08年7位 / 09年7位 モンスターエンジン
29%
2回 04年8位 / 09年6位 東京ダイナマイト
27%
No matching quizzes found
Score Distribution
Percent of People with Each Score
Percentile by Number Answered
Your Score History
You have not taken this quiz